书目信息 |
| 题名: |
高分子科学简明教程
|
|
| 作者: | 董炎明 , 张海良 编著 | |
| 分册: | ||
| 出版信息: | 北京 科学出版社 2008.03 |
|
| 页数: | 418页 | |
| 开本: | 24cm | |
| 丛书名: | ||
| 单 册: | ||
| 中图分类: | TB324 | |
| 科图分类: | ||
| 主题词: | 高分子材料--gao fen zi cai liao--高等学校--教材 | |
| 电子资源: | ||
| ISBN: | 978-7-03-020573-5 | |
| 000 | 01139nam0 2200253 450 | |
| 001 | 012008857619 | |
| 005 | 20080423115517.57 | |
| 010 | @a978-7-03-020573-5@dCNY35.00 | |
| 100 | @a20080423d2008 em y0chiy0120 ea | |
| 101 | 0 | @achi |
| 102 | @aCN@b110000 | |
| 105 | @aa z 000yy | |
| 106 | @ar | |
| 200 | 1 | @a高分子科学简明教程@Agao fen zi ke xue jian ming jiao cheng@f董炎明, 张海良编著@Fdong yan ming,zhang hai liang bian zhu |
| 210 | @a北京@c科学出版社@d2008.03 | |
| 215 | @a418页@c图@d24cm | |
| 300 | @a普通高等教育“十一五”国家级规划教材 | |
| 330 | @a本书共9章:第1章简要介绍高分子科学概貌;第2章以人类最早利用和认识的天然高分子材料为切入点进行介绍;此后的8章涵盖了高分子科学的4大方面,即高分子化学、高分子物理、高分子材料学和高分子成型加工,其中高分子化学与高分子物理是重点。每章后附有精选的习题与思考题,各章中穿插了大量补充材料,集知识性与趣味性于一体,能充分激发读者的学习兴趣。 | |
| 606 | 0 | @a高分子材料@Agao fen zi cai liao@x高等学校@j教材 |
| 690 | @aTB324@v4 | |
| 701 | 0 | @a董炎明@Adong yan ming@4编著 |
| 701 | 0 | @a张海良@Azhang hai liang@4编著 |
| 801 | 0 | @aCN@bQSSK@c20080423 |
| 905 | @b296720-22@dTB324@eD752@f3 | |
| 高分子科学简明教程/董炎明, 张海良编著.-北京:科学出版社,2008.03 |
| 418页:图;24cm |
| 普通高等教育“十一五”国家级规划教材 |
| ISBN 978-7-03-020573-5:CNY35.00 |
| 本书共9章:第1章简要介绍高分子科学概貌;第2章以人类最早利用和认识的天然高分子材料为切入点进行介绍;此后的8章涵盖了高分子科学的4大方面,即高分子化学、高分子物理、高分子材料学和高分子成型加工,其中高分子化学与高分子物理是重点。每章后附有精选的习题与思考题,各章中穿插了大量补充材料,集知识性与趣味性于一体,能充分激发读者的学习兴趣。 |
| ● |
| 相关链接 |
|
|
|
正题名:高分子科学简明教程
索取号:TB324/D752
 
预约/预借
| 序号 | 登录号 | 条形码 | 馆藏地/架位号 | 状态 | 备注 |
| 1 | 296720 | 202967209 | 自科库501/501自科库 13排1列2层/ [索取号:TB324/D752] | 在馆 | |
| 2 | 296721 | 202967218 | 期刊室512/501自科库 13排1列2层/ [索取号:TB324/D752] | 在馆 | |
| 3 | 296722 | 202967227 | 自科库501/501自科库 13排1列2层/ [索取号:TB324/D752] | 在馆 |